[Event "ARG-ch sf"]
[Site "La Banda"]
[Date "2017.01.15"]
[Round "4"]
[White "Carrizo, Facundo"]
[Black "Jara Labrenuk, Gerardo Maximil"]
[Result "1/2-1/2"]
[WhiteElo "1765"]
[BlackElo "1815"]
[PlyCount "55"]
[EventDate "2017.01.14"]
[EventType "swiss"]
[EventRounds "6"]
[EventCountry "ARG"]
[SourceTitle "CBM 176 Extra"]
[Source "ChessBase"]
[SourceDate "2017.03.02"]
[SourceVersion "1"]
[SourceVersionDate "2017.03.02"]
[SourceQuality "1"]

1. Nf3 d5 2. g3 c6 3. Bg2 Nf6 4. 0-0 Bf5 5. d3 e6 6. c4 Bd6 7. Nc3 Nbd7 8. Nh4 dxc4 9. Nxf5 exf5 10. dxc4 Be5 11. Qc2 Rb8 12. Rd1 0-0 13. e4 fxe4 14. Nxe4 Qc7 15. Rb1 Rfe8 16. Be3 Ng4 17. Bg5 h6 18. Bh3 Ndf6 19. Bxf6 Nxf6 20. Nxf6+ Bxf6 21. Re1 Qa5 22. Rxe8+ Rxe8 23. b3 Bd4 24. Rd1 Qe5 25. Kf1 Qf6 26. Bg2 Re3 27. Re1 Rxe1+ 28. Kxe1 1/2-1/2

[Event "ARG-ch sf"]
[Site "La Banda"]
[Date "2017.01.15"]
[Round "5"]
[White "Soria Milet, Facundo"]
[Black "Carrizo, Facundo"]
[Result "1-0"]
[WhiteElo "1974"]
[BlackElo "1765"]
[PlyCount "71"]
[EventDate "2017.01.14"]
[EventType "swiss"]
[EventRounds "6"]
[EventCountry "ARG"]
[SourceTitle "CBM 176 Extra"]
[Source "ChessBase"]
[SourceDate "2017.03.02"]
[SourceVersion "1"]
[SourceVersionDate "2017.03.02"]
[SourceQuality "1"]

1. f4 d5 2. Nf3 Nf6 3. e3 c5 4. d4 Bf5 5. c3 e6 6. Bd3 Bxd3 7. Qxd3 Ne4 8. 0-0 Bd6 9. Nbd2 f5 10. b3 0-0 11. Bb2 Nd7 12. c4 Ndf6 13. Rac1 Rc8 14. cxd5 exd5 15. Rfd1 cxd4 16. Nxd4 Nxd2 17. Rxc8 Qxc8 18. Qxd2 Ne4 19. Qd3 Bc5 20. Nf3 Qe6 21. Ne5 Rd8 22. Nf3 Qb6 23. Bd4 Bxd4 24. Nxd4 g6 25. Rc1 Kf7 26. h3 Rd7 27. Nf3 Ke6 28. Nd4+ Kf6 29. Qc2 Nd6 30. Qc3 Ne4 31. Qc8 Qd8 32. Qxd8+ Rxd8 33. Rc7 Nd6 34. g4 h6 35. g5+ hxg5 36. fxg5+ 1-0

[Event "Nicandro Memorial U2200 3rd"]
[Site "Santiago del Estero"]
[Date "2014.11.01"]
[Round "1.9"]
[White "Carrizo, Facundo"]
[Black "Martin, Mateo"]
[Result "0-1"]
[WhiteElo "1624"]
[BlackElo "1911"]
[PlyCount "100"]
[EventDate "2014.11.01"]
[EventType "swiss"]
[EventRounds "6"]
[EventCountry "ARG"]
[SourceTitle "EXT 2024"]
[Source "ChessBase"]
[SourceDate "2023.10.10"]
[SourceVersion "1"]
[SourceVersionDate "2023.10.10"]
[SourceQuality "1"]

1. d4 d5 2. Nf3 c6 3. Bf4 e6 4. e3 f5 5. Bd3 Nf6 6. 0-0 Be7 7. c4 0-0 8. Bxb8 Rxb8 9. Ne5 Bd6 10. f4 Bxe5 11. fxe5 Ng4 12. Rf3 dxc4 13. Bxc4 Nxe5 14. Be2 Nxf3+ 15. Bxf3 Qb6 16. Qe2 Bd7 17. Nc3 Rbd8 18. Rb1 e5 19. Na4 Qb4 20. Qc2 exd4 21. a3 Qe7 22. exd4 Qe3+ 23. Qf2 Rfe8 24. Nc5 Bc8 25. Qxe3 Rxe3 26. Kf2 f4 27. Rd1 b6 28. Na4 Rd6 29. Nc3 Bf5 30. Ne2 g5 31. Rc1 Bd3 32. Rc3 Bxe2 33. Rxe3 fxe3+ 34. Kxe2 Kf7 35. Kxe3 Kf6 36. Kd3 c5 37. d5 Ke5 38. Kc4 g4 39. Bxg4 Rxd5 40. Bf3 Rd4+ 41. Kb5 Rd2 42. b3 Kd4 43. Ka6 Rc2 44. Bd1 Rd2 45. Bf3 Rd3 46. Kxa7 Rxb3 47. a4 c4 48. Bc6 c3 49. Bb5 c2 50. Kxb6 c1Q 0-1